[Event "69.ITA Provinciale VE"]
[Site "Mestre Capablanca ITA"]
[Date "2009.01.30"]
[Round "1.11"]
[White "Di Fresco, Michele"]
[Black "Chiesa, Roberto"]
[Result "0-1"]
[WhiteElo "1407"]
[BlackElo "1778"]
[Annotator "Gabriele Ballarin"]
[PlyCount "114"]
[EventDate "2009.01.30"]
[EventType "swiss"]
[EventRounds "5"]
[EventCountry "ITA"]

1. e4 e6 2. d4 d5 3. e5 c5 4. c3 Nc6 5. Nf3 Bd7 6. Bd3 cxd4 7. cxd4 Qb6 8. Bc2 Nb4 9. O-O Nxc2 10. Qxc2 Rc8 11. Nc3 Ne7 12. Qd3 Ng6 13. Re1 Be7 14. Rb1 O-O 15. Be3 Rc7 16. a3 Rfc8 17. Rec1 Qa5 18. Bd2 a6 19. Ne2 Rxc1+ 20. Nxc1 Qb6 21. Qe3 f6 22. exf6 Bxf6 23. Nd3 Bb5 24. Nc5 Re8 25. a4 Bc6 26. b4 e5 27. dxe5 Nxe5 28. Qb3 Nxf3+ 29. Qxf3 Qd8 30. b5 axb5 31. axb5 Qb6 32. Nd7 Bxd7 33. Qxd5+ Be6 34. Qe4 Bf7 35. Qf5 Qe6 36. Qf3 Qe4 37. Qxe4 Rxe4 38. Be3 h6 39. b6 Bd5 40. Rd1 Bc6 41. Rc1 Rb4 42. h3 Bd8 43. Bc5 Rb5 44. Bd4 Bxb6 45. Bxb6 Rxb6 46. f3 Rb2 47. Rc5 Kf7 48. Kh2 Kf6 49. Kg3 g5 50. Ra5 h5 51. Ra8 h4+ 52. Kh2 Kf7 53. Ra3 Ke6 54. Re3+ Kf5 55. Kg1 Kf4 56. Re1 Kg3 57. Re5 Rb1+ 0-1

[Event "69.ITA Provinciale VE"]
[Site "Mestre Capablanca ITA"]
[Date "2009.01.30"]
[Round "1.12"]
[White "Franceschini, Corrado"]
[Black "Bellon, Antonio"]
[Result "1-0"]
[WhiteElo "1765"]
[BlackElo "1398"]
[Annotator "Gabriele Ballarin"]
[PlyCount "41"]
[EventDate "2009.01.30"]
[EventType "swiss"]
[EventRounds "5"]
[EventCountry "ITA"]

1. e4 e5 2. Nf3 Nc6 3. Bb5 Nf6 4. O-O Bc5 5. d3 d6 6. Nc3 Bd7 7. Bg5 O-O 8. Nd5 a6 9. Ba4 Kh8 10. c3 Be6 11. Nxf6 gxf6 12. Bh4 d5 13. Bxc6 bxc6 14. Nxe5 dxe4 15. Nxc6 Qxd3 16. Bxf6+ Kg8 17. Qh5 Qd2 18. Qxc5 Rae8 19. Rad1 Qf4 20. Ne7+ Rxe7 21. Qxe7 1-0

[Event "69.ITA Provinciale VE"]
[Site "Mestre Capablanca ITA"]
[Date "2009.01.30"]
[Round "1.13"]
[White "Hu, Sofia"]
[Black "Ballarin, Gabriele"]
[Result "0-1"]
[WhiteElo "1383"]
[BlackElo "1828"]
[Annotator "Gabriele Ballarin"]
[PlyCount "78"]
[EventDate "2009.01.30"]
[EventType "swiss"]
[EventRounds "5"]
[EventCountry "ITA"]

1. e4 c5 2. Nf3 Nc6 3. d4 cxd4 4. Nxd4 e5 5. Nb5 a6 6. Nd6+ Bxd6 7. Qxd6 Qf6 8. Qd1 Qg6 9. Nc3 Nge7 10. Bc4 Qxg2 11. Rf1 Nd4 12. f3 Nxc2+ 13. Qxc2 Qxc2 14. Rf2 Qxf2+ 15. Kxf2 b5 16. Bb3 Bb7 17. Be3 d6 18. Rd1 Rd8 19. a4 Bc6 20. h4 h6 21. a5 f5 22. Bb6 Rd7 23. Be6 fxe4 24. Bxd7+ Kxd7 25. fxe4 Rf8+ 26. Kg3 Ke6 27. Bf2 b4 28. Na2 Bxe4 29. Re1 Rf3+ 30. Kg2 Re3+ 31. Kg1 Rxe1+ 32. Bxe1 b3 33. Nb4 Bb7 34. Kf1 Nc6 35. Nd3 Nd4 36. Kf2 Bc6 37. Nb4 Bb5 38. Ke3 d5 39. Bd2 Nf5+ 0-1

[Event "69.ITA Provinciale VE"]
[Site "Mestre Capablanca ITA"]
[Date "2009.01.30"]
[Round "1.14"]
[White "Bastianello, Federico"]
[Black "Pomponio, Stefano"]
[Result "1-0"]
[WhiteElo "1666"]
[BlackElo "1365"]
[Annotator "Gabriele Ballarin"]
[PlyCount "109"]
[EventDate "2009.01.30"]
[EventType "swiss"]
[EventRounds "5"]
[EventCountry "ITA"]

1. b4 e5 2. Bb2 Nc6 3. b5 Nd4 4. e3 Ne6 5. Bxe5 d6 6. Bb2 d5 7. Nf3 Nf6 8. c4 dxc4 9. Bxc4 Be7 10. a4 O-O 11. O-O b6 12. d4 Qd7 13. Ne5 Qe8 14. Nc6 Bd6 15. Ba3 Bxa3 16. Nxa3 Bb7 17. Ne5 Nd7 18. Nxd7 Qxd7 19. Be2 c5 20. bxc6 Bxc6 21. Bb5 Bxb5 22. Nxb5 a6 23. Nc3 Rac8 24. Qb3 Qb7 25. Rfc1 Rfd8 26. Ne2 Rc7 27. Rxc7 Nxc7 28. Rb1 b5 29. axb5 Qxb5 30. Qxb5 Nxb5 31. g3 f6 32. Nf4 Kf7 33. Nd3 Ke6 34. Nc5+ Kd5 35. Nxa6 Kc4 36. Nc5 Ra8 37. Ne6 g6 38. Rxb5 Ra1+ 39. Kg2 Kxb5 40. Nf8 Ra7 41. Ne6 f5 42. h3 Kc4 43. g4 Kd5 44. gxf5 gxf5 45. Nc5 Rg7+ 46. Kf3 h6 47. Nd3 Rg1 48. Nf4+ Kd6 49. Ne2 Rg6 50. Ng3 Ke6 51. d5+ Ke5 52. Ne2 Kxd5 53. Nf4+ Kd6 54. Nxg6 Ke6 55. Kf4 1-0

[Event "69.ITA Provinciale VE"]
[Site "Mestre Capablanca ITA"]
[Date "2009.01.31"]
[Round "2.1"]
[White "Boscolo, Marco"]
[Black "Zangrando, Gianpietro"]
[Result "1-0"]
[WhiteElo "2129"]
[BlackElo "1829"]
[Annotator "Gabriele Ballarin"]
[PlyCount "105"]
[EventDate "2009.01.30"]
[EventType "swiss"]
[EventRounds "5"]
[EventCountry "ITA"]

1. e4 e6 2. d4 d5 3. Nd2 Nd7 4. e5 c5 5. c3 cxd4 6. cxd4 Qa5 7. Bd3 b6 8. Qe2 Ne7 9. Ngf3 Nc6 10. O-O Nb4 11. Nb3 Qa4 12. Bb5 Ba6 13. Bxa6 Qxa6 14. Qxa6 Nxa6 15. Bd2 Be7 16. Rfc1 O-O 17. Rc2 Rfc8 18. Rac1 Rxc2 19. Rxc2 h6 20. Kf1 Kf8 21. a3 Ke8 22. Ke2 Kd8 23. Bc3 Rc8 24. Rc1 Nc7 25. Rb1 a5 26. Kd3 Nb5 27. Bd2 Nb8 28. Nc1 Rc4 29. Ne2 Kd7 30. Nc3 Nxc3 31. Bxc3 Na6 32. g4 Nc7 33. Bd2 Nb5 34. Rg1 Rc8 35. h4 Rh8 36. h5 Nc7 37. Ne1 f6 38. f4 fxe5 39. dxe5 Bc5 40. Rg2 Kc6 41. Nf3 Kb5 42. Nh4 Ka4 43. Ng6 Rg8 44. f5 b5 45. f6 b4 46. axb4 axb4 47. f7 Rc8 48. g5 Bf8 49. gxh6 gxh6 50. Rf2 Na6 51. Nxf8 Nc5+ 52. Ke2 Ne4 53. Nxe6 1-0

[Event "69.ITA Provinciale VE"]
[Site "Mestre Capablanca ITA"]
[Date "2009.01.31"]
[Round "2.2"]
[White "Chiesa, Roberto"]
[Black "Cedriano, Filippo"]
[Result "1/2-1/2"]
[WhiteElo "1778"]
[BlackElo "2025"]
[Annotator "Gabriele Ballarin"]
[PlyCount "153"]
[EventDate "2009.01.30"]
[EventType "swiss"]
[EventRounds "5"]
[EventCountry "ITA"]

1. d4 d5 2. c4 Nc6 3. Nc3 e5 4. cxd5 exd4 5. dxc6 dxc3 6. Qxd8+ Kxd8 7. bxc3 Bd6 8. g3 Ne7 9. Bg2 Nxc6 10. e3 Ne5 11. Nf3 Nxf3+ 12. Bxf3 Be5 13. Bb2 Be6 14. O-O-O+ Ke7 15. Bd5 c6 16. Bxe6 Kxe6 17. c4 Rhd8 18. Bxe5 Kxe5 19. Kc2 Ke4 20. Kc3 c5 21. f3+ Kxe3 22. Rde1+ Kf2 23. Re7 Rf8 24. Rxb7 a6 25. Rd1 Kxf3 26. Rdd7 Kg2 27. Rd2+ Kh3 28. Re7 Rae8 29. Ra7 Re6 30. Rc7 Re5 31. Ra7 h5 32. Rxa6 Rfe8 33. Rad6 Re3+ 34. Kb2 Rb8+ 35. Kc2 g6 36. R6d3 Re4 37. Rd7 f5 38. R7d6 g5 39. R6d5 Rxc4+ 40. Kd3 Rbb4 41. Rxf5 Rd4+ 42. Ke3 Rxd2 43. Kxd2 Rg4 44. Rf2 Ra4 45. Kc3 Kg4 46. Kb3 Rb4+ 47. Kc3 Ra4 48. Kb3 Rb4+ 49. Kc3 Rb1 50. Kc2 Rb4 51. Kc3 Re4 52. Kd3 Re1 53. Kc4 Rc1+ 54. Kb3 c4+ 55. Kb2 Rh1 56. a4 Kh3 57. a5 Re1 58. Ka3 Rb1 59. Ka2 Rb5 60. a6 Ra5+ 61. Kb2 Rxa6 62. Kc3 Rc6 63. Rf5 Rg6 64. Rf2 Re6 65. Kxc4 Re1 66. Rf5 Kg4 67. Rf2 Rd1 68. Kc3 h4 69. gxh4 Kxh4 70. Rf8 Kh3 71. Rh8+ Kg4 72. Kc4 Rf1 73. Kd3 Rf3+ 74. Ke4 Rf4+ 75. Ke5 Rf7 76. Ke6 Rf5 77. h4 1/2-1/2

[Event "69.ITA Provinciale VE"]
[Site "Mestre Capablanca ITA"]
[Date "2009.03.31"]
[Round "2.3"]
[White "Franceschini, Corrado"]
[Black "Velluti, Alberto"]
[Result "1/2-1/2"]
[WhiteElo "1765"]
[BlackElo "1929"]
[Annotator "Gabriele Ballarin"]
[PlyCount "71"]
[EventDate "2009.01.30"]
[EventType "swiss"]
[EventRounds "5"]
[EventCountry "ITA"]

1. e4 e5 2. Nf3 Nc6 3. Bb5 a6 4. Bxc6 dxc6 5. O-O Bd6 6. d4 exd4 7. Qxd4 f6 8. Be3 Qe7 9. Rd1 c5 10. Qd5 Qe6 11. Nc3 Ne7 12. Qxe6 Bxe6 13. h3 Rd8 14. Na4 b6 15. b3 Nc6 16. c4 Nb4 17. Rd2 O-O 18. Nc3 Bf7 19. a3 Nc6 20. Rb1 Rfe8 21. Nh4 Bf8 22. Rxd8 Rxd8 23. Nd5 Bxd5 24. exd5 Nd4 25. Bxd4 cxd4 26. Nf3 Bxa3 27. Nxd4 Bd6 28. Ra1 Be5 29. Ne6 Rxd5 30. cxd5 Bxa1 31. Nxc7 a5 32. d6 Kf7 33. Nd5 Ke6 34. Nxb6 Kxd6 35. Nc4+ Kc5 36. Nxa5 1/2-1/2

[Event "69.ITA Provinciale VE"]
[Site "Mestre Capablanca ITA"]
[Date "2009.01.31"]
[Round "2.4"]
[White "Ballarin, Gabriele"]
[Black "Bozzao, Francesco"]
[Result "0-1"]
[WhiteElo "1761"]
[BlackElo "1910"]
[Annotator "Gabriele Ballarin"]
[PlyCount "94"]
[EventDate "2009.01.30"]
[EventType "swiss"]
[EventRounds "5"]
[EventCountry "ITA"]

1. e4 c5 2. Nf3 d6 3. d4 cxd4 4. Nxd4 Nf6 5. Nc3 Nc6 6. Be3 Bd7 7. f3 g6 8. Qd2 Bg7 9. h4 h5 10. O-O-O Ne5 11. Nd5 Nxd5 12. exd5 a6 13. g4 Rc8 14. gxh5 Rxh5 15. Be2 Nc4 16. Bxc4 Rxc4 17. Qd3 b5 18. Ne6 Bxe6 19. dxe6 Qa5 20. exf7+ Kf8 21. Kb1 Qb4 22. Bc1 Rhc5 23. Rh2 Rd4 24. Qe2 Rxh4 25. Rxh4 Qxh4 26. Rg1 Kxf7 27. Rg4 Qf6 28. a4 Re5 29. Qd2 Rf5 30. axb5 Rxb5 31. Rb4 Rxb4 32. Qxb4 Qxf3 33. Qc4+ e6 34. Qxa6 Qh1 35. b4 Bh6 36. Qa3 Qxc1+ 37. Qxc1 Bxc1 38. Kxc1 Ke7 39. Kd2 d5 40. Kd3 Kd6 41. Ke3 e5 42. c3 Kc6 43. Kf3 Kb5 44. Ke3 Kc4 45. Kf3 g5 46. Kg3 d4 47. cxd4 exd4 0-1

[Event "69.ITA Provinciale VE"]
[Site "Mestre Capablanca ITA"]
[Date "2009.01.31"]
[Round "2.5"]
[White "Litrico, Paolo"]
[Black "Bastianello, Federico"]
[Result "1/2-1/2"]
[WhiteElo "1885"]
[BlackElo "1666"]
[Annotator "Gabriele Ballarin"]
[PlyCount "111"]
[EventDate "2009.01.30"]
[EventType "swiss"]
[EventRounds "5"]
[EventCountry "ITA"]

1. d4 d5 2. Bf4 Nf6 3. e3 Bf5 4. c4 e6 5. Qb3 b6 6. Nf3 Bd6 7. Bg5 Nbd7 8. Nc3 c6 9. Rc1 Rc8 10. cxd5 exd5 11. Ba6 Rc7 12. O-O O-O 13. Rfe1 b5 14. a4 bxa4 15. Qxa4 Qb8 16. Qa2 Ne4 17. Nxe4 Bxe4 18. Nd2 Bf5 19. e4 dxe4 20. Nxe4 Be6 21. Bc4 Bxc4 22. Qxc4 Bb4 23. Re2 Rcc8 24. Rec2 c5 25. dxc5 Bxc5 26. Nxc5 Rxc5 27. Qg4 Rxc2 28. Rxc2 Ne5 29. Qg3 Ng6 30. Qxb8 Rxb8 31. Kf1 f6 32. Be3 Ra8 33. Rc7 a6 34. f4 Nf8 35. f5 Rb8 36. Bd4 Rd8 37. Bc3 Nd7 38. Ra7 Nc5 39. b4 Nd3 40. Rxa6 Rb8 41. Ra4 Nf4 42. Bd4 Nd5 43. Bc5 h5 44. h3 Kh7 45. Bd6 Rb7 46. Ke1 Ne3 47. g4 hxg4 48. hxg4 Nxg4 49. b5 Ne5 50. Rh4+ Kg8 51. Bxe5 fxe5 52. Rb4 Kf7 53. b6 Kf6 54. Ke2 Kxf5 55. Ke3 g5 56. Kf3 1/2-1/2

[Event "69.ITA Provinciale VE"]
[Site "Mestre Capablanca ITA"]
[Date "2009.01.31"]
[Round "2.6"]
[White "Zamengo, Bruno"]
[Black "Bastianello, Tito"]
[Result "1-0"]
[WhiteElo "1877"]
[BlackElo "1566"]
[Annotator "Gabriele Ballarin"]
[PlyCount "106"]
[EventDate "2009.01.30"]
[EventType "swiss"]
[EventRounds "5"]
[EventCountry "ITA"]

1. e4 d6 2. d4 Nf6 3. f3 e5 4. d5 Nxe4 5. fxe4 Qh4+ 6. Kd2 Qxe4 7. Nc3 Qg6 8. Qf3 Bf5 9. Bb5+ Nd7 10. Ba4 O-O-O 11. Nge2 Nc5 12. Bb3 Be7 13. h3 Bh4 14. Rf1 Be4 15. Nxe4 Nxe4+ 16. Kd1 Rdf8 17. c3 Nc5 18. Bc2 e4 19. Qg4+ Qxg4 20. hxg4 h5 21. g5 f6 22. gxf6 Bxf6 23. Be3 Re8 24. Kd2 h4 25. Nd4 Bxd4 26. Bxd4 h3 27. gxh3 Rxh3 28. Rae1 Nd3 29. Bxd3 Rxd3+ 30. Kc2 b6 31. Rf4 Rg3 32. Rfxe4 Rxe4 33. Rxe4 Rg2+ 34. Kb3 Kd7 35. Rh4 g5 36. Rh7+ Kc8 37. Rg7 g4 38. c4 g3 39. Kc3 a6 40. Kd3 b5 41. cxb5 axb5 42. Rg5 Kd7 43. Ke3 c5 44. dxc6+ Kxc6 45. a3 Rg1 46. Kf3 Rd1 47. Bc3 d5 48. Rxg3 d4 49. Bb4 Kd5 50. Rg5+ Kc4 51. Rc5+ Kb3 52. Ke2 Rb1 53. Rxb5 Rxb2+ 1-0

[Event "69.ITA Provinciale VE"]
[Site "Mestre Capablanca ITA"]
[Date "2009.01.31"]
[Round "2.8"]
[White "Bortolussi, Andrea"]
[Black "Niespoli, Carlo"]
[Result "1-0"]
[WhiteElo "1855"]
[BlackElo "1600"]
[Annotator "Gabriele Ballarin"]
[PlyCount "109"]
[EventDate "2009.01.30"]
[EventType "swiss"]
[EventRounds "5"]
[EventCountry "ITA"]

1. e4 e5 2. f4 d5 3. exd5 exf4 4. Bb5+ c6 5. dxc6 Nxc6 6. Qe2+ Qe7 7. d4 Be6 8. Nf3 O-O-O 9. Bxc6 bxc6 10. Qa6+ Qb7 11. Qxb7+ Kxb7 12. Bxf4 Ne7 13. Nc3 Ng6 14. Be3 Be7 15. O-O-O Rd7 16. a3 f6 17. Rde1 Bf7 18. Rhf1 Rhd8 19. Ne4 Bg8 20. Ng3 Bf8 21. h4 Ne7 22. Ne4 Nd5 23. Bd2 Ka8 24. c3 Rb8 25. Nc5 Bxc5 26. dxc5 Rdb7 27. b4 Rd7 28. Nd4 Kb7 29. Nf5 Rbd8 30. Nd6+ Ka8 31. Re2 Nc7 32. Rfe1 Nb5 33. Nxb5 cxb5 34. Bf4 Bc4 35. Re8 Rxe8 36. Rxe8+ Kb7 37. Bd6 Bf7 38. Rb8+ Kc6 39. Kd2 Bc4 40. Ke3 Kd5 41. Re8 Kc6 42. Kd4 g6 43. a4 a6 44. Rb8 Rb7 45. Rc8+ Kd7 46. Rh8 Ke6 47. Ra8 Bd5 48. g3 Rd7 49. Rxa6 bxa4 50. Rxa4 Bc6 51. Ra6 Bb5 52. Rb6 Bf1 53. c4 Ra7 54. Be5+ Kd7 55. Rxf6 1-0

[Event "69.ITA Provinciale VE"]
[Site "Mestre Capablanca ITA"]
[Date "2009.01.31"]
[Round "2.9"]
[White "Pasqualetto, Lorenzo"]
[Black "Biagioli, Valerio"]
[Result "1/2-1/2"]
[WhiteElo "1440"]
[BlackElo "1913"]
[Annotator "Gabriele Ballarin"]
[PlyCount "132"]
[EventDate "2009.01.30"]
[EventType "swiss"]
[EventRounds "5"]
[EventCountry "ITA"]

1. e4 e6 2. d4 d5 3. Nc3 Nf6 4. e5 Nfd7 5. f4 c5 6. Nf3 cxd4 7. Nxd4 Bc5 8. Be2 Qb6 9. Na4 Qa5+ 10. Nc3 Qb4 11. Nb3 Bb6 12. a3 Qe7 13. Na4 Nc6 14. Nxb6 Nxb6 15. Be3 Na4 16. Rb1 a6 17. O-O O-O 18. c4 dxc4 19. Bxc4 b5 20. Bd3 Rd8 21. Qc2 Bb7 22. Bxh7+ Kf8 23. Be4 Rac8 24. Bxc6 Bxc6 25. Qh7 f5 26. exf6 Qxf6 27. Rfd1 Kf7 28. Bd4 Qg6 29. Qxg6+ Kxg6 30. Rd2 Bd5 31. Nc1 Nc5 32. Bxc5 Rxc5 33. Nd3 Rcc8 34. Nb4 Bb7 35. Rbd1 Rxd2 36. Rxd2 a5 37. Nd3 Kf5 38. g3 Rd8 39. Kf2 Bd5 40. Ne5 g5 41. Nc6 Rh8 42. Ne7+ Kg4 43. Nxd5 Rxh2+ 44. Ke3 Rxd2 45. Nf6+ Kf5 46. Kxd2 Kxf6 47. Ke3 gxf4+ 48. Kxf4 e5+ 49. Ke4 b4 50. axb4 axb4 51. b3 Ke6 52. g4 Kd6 53. g5 Ke6 54. g6 Kf6 55. g7 Kxg7 56. Kxe5 Kf7 57. Kd6 Ke8 58. Kc5 Kd7 59. Kxb4 Kc6 60. Kc4 Kb6 61. b4 Kc6 62. b5+ Kb7 63. Kc5 Kc7 64. b6+ Kb8 65. Kb5 Kb7 66. Ka5 Kb8 1/2-1/2

[Event "69.ITA Provinciale VE"]
[Site "Mestre Capablanca ITA"]
[Date "2009.01.31"]
[Round "2.10"]
[White "Loris, Stefano"]
[Black "Zamengo, Fulvio"]
[Result "0-1"]
[WhiteElo "1416"]
[BlackElo "1659"]
[Annotator "Gabriele Ballarin"]
[PlyCount "52"]
[EventDate "2009.01.30"]
[EventType "swiss"]
[EventRounds "5"]
[EventCountry "ITA"]

1. d4 e6 2. c4 c5 3. Nf3 Nf6 4. Nc3 b6 5. Bf4 Be7 6. e3 Bb7 7. Nb5 d6 8. dxc5 e5 9. Bg3 bxc5 10. Bd3 e4 11. Nh4 exd3 12. Qxd3 Nc6 13. O-O-O Nb4 14. Qb3 Ne4 15. Nf5 O-O 16. a3 Na6 17. Nbxd6 Nxd6 18. Bxd6 Bxd6 19. Qxb7 Qf6 20. Rxd6 Qe5 21. f4 Qxf5 22. Rxa6 Qd3 23. Rd1 Qxc4+ 24. Kb1 Rab8 25. Rc1 Qxc1+ 26. Kxc1 Rxb7 0-1

[Event "69.ITA Provinciale VE"]
[Site "Mestre Capablanca ITA"]
[Date "2009.01.31"]
[Round "2.11"]
[White "Bordin, Renato"]
[Black "Di Fresco, Michele"]
[Result "1-0"]
[WhiteElo "1530"]
[BlackElo "1407"]
[Annotator "Gabriele Ballarin"]
[PlyCount "105"]
[EventDate "2009.01.30"]
[EventType "swiss"]
[EventRounds "5"]
[EventCountry "ITA"]

1. d4 Nf6 2. c4 g6 3. Bg5 Ne4 4. Nf3 Bg7 5. Qd3 d5 6. Nc3 Nxg5 7. Nxg5 O-O 8. cxd5 e6 9. Nf3 exd5 10. e3 Bf5 11. Qb5 Be4 12. Be2 b6 13. O-O c5 14. dxc5 bxc5 15. Qxc5 Nd7 16. Qa3 Nb6 17. Nxe4 dxe4 18. Rfd1 Qf6 19. Nd4 Rfc8 20. Rac1 Bf8 21. Rxc8 Nxc8 22. Qb3 Nb6 23. Rc1 Bd6 24. Rc6 Qe5 25. g3 h5 26. Nb5 Nc8 27. Nxd6 Nxd6 28. Qc2 Rb8 29. b3 Rd8 30. Ba6 Ne8 31. a4 g5 32. Qc4 Rd1+ 33. Kg2 Qf5 34. Qe2 Qe5 35. Rh6 g4 36. Bc4 Qe7 37. Rxh5 Nf6 38. Rg5+ Kh7 39. Rc5 Rd2 40. Qe1 Qd6 41. Bxf7 Nd7 42. Rh5+ Kg7 43. Bc4 Rb2 44. Rg5+ Kh6 45. Rxg4 Qe5 46. Qd1 Nf6 47. Rh4+ Kg6 48. Qd4 Rxf2+ 49. Kxf2 Qf5+ 50. Rf4 Ng4+ 51. Kg2 Qh5 52. Qxe4+ Kg7 53. Rxg4+ 1-0

[Event "69.ITA Provinciale VE"]
[Site "Mestre Capablanca ITA"]
[Date "2009.01.31"]
[Round "2.12"]
[White "Bellon, Antonio"]
[Black "Bortolussi, Francesco"]
[Result "1-0"]
[WhiteElo "1398"]
[BlackElo "1476"]
[Annotator "Gabriele Ballarin"]
[PlyCount "127"]
[EventDate "2009.01.30"]
[EventType "swiss"]
[EventRounds "5"]
[EventCountry "ITA"]

1. e4 c5 2. c3 Nc6 3. Nf3 d6 4. Bb5 Bd7 5. O-O Nf6 6. Re1 e6 7. d4 cxd4 8. cxd4 Be7 9. Nc3 O-O 10. d5 exd5 11. exd5 Na5 12. b4 Bxb5 13. Nxb5 Nc4 14. Bf4 a6 15. Nc3 Nh5 16. Re4 Rc8 17. Qe2 Nxf4 18. Rxf4 Bf6 19. Rxc4 Rxc4 20. Qxc4 b5 21. Qd3 Qc7 22. Nd4 Rc8 23. Rc1 Bxd4 24. Qxd4 Qe7 25. g3 g6 26. Qe3 Qxe3 27. fxe3 f5 28. Ne2 Re8 29. Kf2 Re4 30. a3 Rc4 31. Rxc4 bxc4 32. Ke1 Kf7 33. Kd2 Kf6 34. Kc3 Ke5 35. Kxc4 Ke4 36. Nc3+ Kxe3 37. b5 axb5+ 38. Kxb5 Kf2 39. a4 Kg2 40. a5 Kxh2 41. a6 Kxg3 42. a7 g5 43. a8=Q f4 44. Qa1 f3 45. Ne4+ Kf4 46. Nxg5 Kxg5 47. Qd4 h5 48. Qe4 f2 49. Qg2+ Kh4 50. Qxf2+ Kh3 51. Kc6 h4 52. Qxh4+ Kg2 53. Kxd6 Kf3 54. Ke5 Ke3 55. Qh3+ Kf2 56. Ke4 Kg1 57. Kf4 Kf2 58. Qh2+ Ke1 59. Kf3 Kd1 60. Ke3 Kc1 61. Kd3 Kb1 62. Kc3 Ka1 63. Kb3 Kb1 64. Qb2# 1-0

[Event "69.ITA Provinciale VE"]
[Site "Mestre Capablanca ITA"]
[Date "2009.01.01"]
[Round "2.13"]
[White "Pomponio, Stefano"]
[Black "You Yi Ning, Francesca"]
[Result "1-0"]
[WhiteElo "1365"]
[BlackElo "1434"]
[Annotator "Gabriele Ballarin"]
[PlyCount "146"]
[EventDate "2009.01.30"]
[EventType "swiss"]
[EventRounds "5"]
[EventCountry "ITA"]

1. g3 e5 2. Bg2 d5 3. d3 Bf5 4. Nd2 e4 5. dxe4 dxe4 6. e3 Nf6 7. Ne2 Nc6 8. O-O Bb4 9. c3 Bc5 10. Qc2 Qd3 11. Qxd3 exd3 12. Nd4 Bd7 13. b4 Bxd4 14. exd4 O-O 15. Ba3 Rfe8 16. Rfe1 Rab8 17. Bf1 Bf5 18. f3 Nd5 19. b5 Na5 20. Bb2 Ne3 21. Kf2 Nc2 22. Rxe8+ Rxe8 23. Rd1 Bg6 24. Nb1 Ne3 25. Re1 Nac4 26. Bc1 d2 27. Nxd2 f6 28. Bxc4+ Nxc4 29. Rxe8+ Bxe8 30. Nxc4 Bxb5 31. Ne3 Bd7 32. c4 Be6 33. Ba3 c6 34. d5 Bd7 35. dxc6 Bxc6 36. Nd5 Kf7 37. Ke3 b5 38. Kd4 bxc4 39. Kxc4 Ke6 40. Nc7+ Ke5 41. f4+ Ke4 42. Bc5 a6 43. Nxa6 Bd5+ 44. Kc3 Bxa2 45. Nc7 g5 46. Bd6 g4 47. Ne8 Kf5 48. Kd4 Bf7 49. Nc7 h5 50. Nd5 Ke6 51. Be7 f5 52. Bf6 Kd6 53. Ne3 Be6 54. Be5+ Ke7 55. Nd5+ Bxd5 56. Kxd5 Kf7 57. Kd6 Kg6 58. Ke6 h4 59. Bf6 h3 60. Bg5 Kg7 61. Kxf5 Kf7 62. Kxg4 Kg6 63. Kxh3 Kh5 64. g4+ Kg6 65. Kh4 Kh7 66. f5 Kg7 67. Kh5 Kh7 68. f6 Kg8 69. Kg6 Kh8 70. Kf7 Kh7 71. Ke7 Kg6 72. f7 Kh7 73. f8=Q Kg6 1-0

[Event "69.ITA Provinciale VE"]
[Site "Mestre Capablanca ITA"]
[Date "2009.01.31"]
[Round "3.1"]
[White "Bozzao, Francesco"]
[Black "Boscolo, Marco"]
[Result "0-1"]
[WhiteElo "1910"]
[BlackElo "2129"]
[Annotator "Gabriele Ballarin"]
[PlyCount "60"]
[EventDate "2009.01.30"]
[EventType "swiss"]
[EventRounds "5"]
[EventCountry "ITA"]

1. e4 e6 2. d4 d5 3. Nd2 Nf6 4. e5 Nfd7 5. Bd3 c5 6. c3 Nc6 7. Ne2 cxd4 8. cxd4 f6 9. exf6 Nxf6 10. Nf3 Bd6 11. O-O Qc7 12. Bg5 O-O 13. Bh4 Bd7 14. Bg3 Nh5 15. Bxd6 Qxd6 16. Ng3 Nf4 17. Rc1 Rf6 18. Re1 Raf8 19. Bb1 Nxg2 20. Ng5 Nxe1 21. Bxh7+ Kh8 22. Bb1 Nf3+ 23. Nxf3 Rxf3 24. Qc2 R3f5 25. Nxf5 exf5 26. Qd3 Rf6 27. Rc3 Rh6 28. h3 Rh4 29. Qg3 Qxg3+ 30. fxg3 Rxd4 0-1

[Event "69.ITA Provinciale VE"]
[Site "Mestre Capablanca ITA"]
[Date "2009.01.31"]
[Round "3.2"]
[White "Cedriano, Filippo"]
[Black "Zamengo, Bruno"]
[Result "0-1"]
[WhiteElo "2025"]
[BlackElo "1877"]
[Annotator "Gabriele Ballarin"]
[PlyCount "121"]
[EventDate "2009.01.30"]
[EventType "swiss"]
[EventRounds "5"]
[EventCountry "ITA"]

1. e4 e6 2. d3 d5 3. Nd2 Nf6 4. Ngf3 Be7 5. g3 b6 6. Bg2 Bb7 7. Qe2 Na6 8. e5 Nd7 9. O-O Nb4 10. c3 Nc6 11. Re1 Nf8 12. Nf1 h6 13. h4 Qd7 14. a4 Nh7 15. h5 Ng5 16. Nh4 d4 17. f4 Nh7 18. Nf3 O-O-O 19. Rd1 dxc3 20. bxc3 Ba6 21. Ne1 f6 22. a5 Nxa5 23. Be3 Bb7 24. c4 Bxg2 25. Nxg2 fxe5 26. fxe5 Qc6 27. Nd2 Bc5 28. Ne4 Bxe3+ 29. Qxe3 Rd7 30. c5 Rhd8 31. d4 Nb3 32. Qxb3 Qxe4 33. Rxa7 Rxd4 34. Rda1 Rd2 35. Qxe6+ Kb8 36. Ra8+ Qxa8 37. Rxa8+ Kxa8 38. Qc6+ Kb8 39. cxb6 cxb6 40. Qxb6+ Kc8 41. Qc6+ Kb8 42. Qb6+ Kc8 43. Qa6+ Kb8 44. Qb5+ Kc7 45. Qc4+ Kb6 46. Qe6+ Ka5 47. Qf5 Ng5 48. e6+ R8d5 49. Qf8 Nxe6 50. Qa8+ Kb4 51. Qb7+ Kc3 52. Qc6+ Nc5 53. Nf4 Re5 54. Qf3+ Kb4 55. Ng2 Ree2 56. Qc6 Rxg2+ 57. Kh1 Rge2 58. Qb6+ Kc4 59. Qb1 Rh2+ 60. Kg1 Rdg2+ 61. Kf1 0-1

[Event "69.ITA Provinciale VE"]
[Site "Mestre Capablanca ITA"]
[Date "2009.03.31"]
[Round "3.3"]
[White "Velluti, Alberto"]
[Black "Chiesa, Roberto"]
[Result "1/2-1/2"]
[WhiteElo "1929"]
[BlackElo "1778"]
[Annotator "Gabriele Ballarin"]
[PlyCount "68"]
[EventDate "2009.01.30"]
[EventType "swiss"]
[EventRounds "5"]
[EventCountry "ITA"]

1. e4 e6 2. d4 d5 3. exd5 exd5 4. Bd3 Nc6 5. Nf3 Bg4 6. c3 Bd6 7. h3 Bh5 8. Be3 Nge7 9. O-O Qd7 10. b4 Bg6 11. a4 Bxd3 12. Qxd3 Ng6 13. Na3 a6 14. b5 Nce7 15. bxa6 bxa6 16. c4 O-O 17. c5 Bf4 18. Nc2 a5 19. Rfb1 Bxe3 20. Nxe3 Nc6 21. Qd2 Nb4 22. Nc2 Nxc2 23. Qxc2 Rfb8 24. c6 Qc8 25. Qc5 Nf4 26. Ne5 Rxb1+ 27. Rxb1 Qf5 28. Rd1 Qe4 29. Nf3 Nxh3+ 30. gxh3 Qxf3 31. Re1 Qxh3 32. Qxa5 Qg4+ 33. Kf1 Qh3+ 34. Kg1 Qg4+ 1/2-1/2

[Event "69.ITA Provinciale VE"]
[Site "Mestre Capablanca ITA"]
[Date "2009.01.31"]
[Round "3.4"]
[White "Litrico, Paolo"]
[Black "Franceschini, Corrado"]
[Result "1-0"]
[WhiteElo "1885"]
[BlackElo "1765"]
[Annotator "Gabriele Ballarin"]
[PlyCount "93"]
[EventDate "2009.01.30"]
[EventType "swiss"]
[EventRounds "5"]
[EventCountry "ITA"]

1. d4 Nf6 2. Nf3 d6 3. Nc3 g6 4. e4 Bg7 5. Be3 O-O 6. Qd2 e5 7. Bh6 Nc6 8. Bxg7 Kxg7 9. d5 Ne7 10. O-O-O Nh5 11. g3 a6 12. Nh4 b5 13. Be2 Nf6 14. f3 b4 15. Nb1 a5 16. g4 Nd7 17. Rdg1 Nc5 18. Nf5+ Nxf5 19. gxf5 Rb8 20. h4 h6 21. Rg2 Kh7 22. Rhg1 Rg8 23. Qe1 a4 24. Nd2 b3 25. cxb3 axb3 26. a3 Bd7 27. Rg4 Qf6 28. Qg3 Bb5 29. fxg6+ Rxg6 30. Bxb5 Rxb5 31. h5 Rxg4 32. Qxg4 Rb8 33. Kb1 Kh8 34. Nc4 Nd3 35. Ne3 Qg5 36. Qxg5 hxg5 37. Rxg5 Rg8 38. Rxg8+ Kxg8 39. a4 Kh7 40. a5 Nc5 41. Nf1 Kh6 42. Ng3 Kg5 43. Kc1 Nd3+ 44. Kd2 Nxb2 45. a6 Nc4+ 46. Kc3 b2 47. Kc2 1-0